书目信息 |
| 题名: |
汉字六书
|
|
| 作者: | 王丽晶 编著 | |
| 分册: | ||
| 出版信息: | 长春 吉林文史出版社 2018重印 |
|
| 页数: | 136页 | |
| 开本: | 22cm | |
| 丛书名: | 中国文化知识读本 | |
| 单 册: | ||
| 中图分类: | H122 | |
| 科图分类: | ||
| 主题词: | 六书--liu shu--通俗读物 | |
| 电子资源: | ||
| ISBN: | 978-7-5463-5048-6 | |
| 000 | 00875nam 2200265 45 | |
| 001 | 012001009650 | |
| 005 | 20140103095355.0 | |
| 010 | @a978-7-5463-5048-6@dCNY34.80 | |
| 099 | @aCAL 012012006435 | |
| 100 | @a20120110d2011 em y0chiy50 ea | |
| 101 | 0 | @achi |
| 102 | @aCN@b220000 | |
| 105 | @aaf z 000yy | |
| 106 | @ar | |
| 200 | 1 | @a汉字六书@Ahan zi liu shu@f王丽晶编著 |
| 210 | @a长春@c吉林文史出版社@d2018重印 | |
| 215 | @a136页@c图@d22cm | |
| 225 | 2 | @a中国文化知识读本@Azhong guo wen hua zhi shi du ben@i中国古代文化史话 |
| 330 | @a本书内容包括: 六书概述、象形、指事、会意、形声、转注、假借、《说文解字》 的相关问题。 | |
| 410 | 0 | @12001@a中国文化知识读本@i中国古代文化史话 |
| 606 | 0 | @a六书@Aliu shu@j通俗读物 |
| 690 | @aH122@v4 | |
| 701 | 0 | @a王丽晶@Awang li jing@c(文化)@4编著 |
| 801 | 2 | @aCN@b上海新华@c20191020 |
| 905 | @b1188990-3@dH122@e206@f4 | |
| 汉字六书/王丽晶编著.-长春:吉林文史出版社,2018重印 |
| 136页:图;22cm.-(中国文化知识读本.中国古代文化史话) |
| ISBN 978-7-5463-5048-6:CNY34.80 |
| 本书内容包括: 六书概述、象形、指事、会意、形声、转注、假借、《说文解字》 的相关问题。 |
| ● |
| 相关链接 |
|
|
|
|
正题名:汉字六书
索取号:H122/206
 
预约/预借
| 序号 | 登录号 | 条形码 | 馆藏地/架位号 | 状态 | 备注 |
| 1 | 1188990 | 211889900 | 第二样本阅览室/ [索取号:H122/206] | 在馆 | |
| 2 | 1188991 | 211889919 | 第四借阅区/ [索取号:H122/206] | 在馆 | |
| 3 | 1188992 | 211889928 | 第四借阅区/ [索取号:H122/206] | 在馆 | |
| 4 | 1188993 | 211889937 | 第四借阅区/ [索取号:H122/206] | 在馆 |